Flugzeugflotten Teil 2-Lufthansa - Statistiken

Allgemein
  • Dieses Quiz wurde 470 mal gespielt
    425 seit der letzten Aktualisierung
  • Das Durchschnittsergebnis liegt bei 11 aus 14
Antwortstatistiken
Anzahl Flugzeugtyp % Korrekt
8 Airbus A380-800
86%
30 Airbus A320neo
85%
49 Airbus A320-200
84%
8 Boeing 747-400
81%
28 Airbus A350-900
79%
10 Airbus A340-600
78%
37 Airbus A321-200
77%
17 Airbus A321neo
77%
9 Airbus A330-300
77%
17 Airbus A340-300
77%
23 Airbus A319-100
75%
5 Boeing 787-9
63%
17 Airbus A321-100
62%
19 Boeing 747-8I
50%
Keine übereinstimmenden Quizze gefunden
Verteilung der Resultate
Anzahl Personen mit jedem Resultat
Perzentil nach korrekt beantworteten Fragen
Ihre Resultats-Entwicklung
Sie haben dieses Quiz seit der letzten Aktualisierung nicht gespielt